00251nam a2200097Ia 4500008004100000100001500041245004600056260002400102300000900126650001800135191201s2002 xx 000 0 und d aMDU Rohtak 0akavya Shikhar Gadh Shikar Viyakarn B.A. I aN. DelhibMDUc2002 aMise aGeneral Books